000
00339nam a2200133Ia 4500
008
231017s9999 xx 000 0 und d
082
_a
625.85
082
_b
SAL
245
0
_a
Transporter Research Circular No. E-C122: Asphalt Emulsion Technology Residue Procedures
245
0
_c
TRB
260
_b
TRB
300
_c
30cm
942
_c
REP
999
_c
604508
_d
604508